Sierra Leone-Quiz - Statistiken

Allgemein
  • Dieses Quiz wurde 1.190 mal gespielt
  • Das Durchschnittsergebnis liegt bei 11 aus 17
Antwortstatistiken
Frage Antwort % Korrekt
Amtssprache Englisch
92%
Nachbarstaat Liberia
91%
Nachbarstaat Guinea
90%
Dominante Religion Islam
86%
Dies wurde erst 1928 abgeschafft Sklaverei
85%
Hauptstadt Freetown
79%
Kolonialmacht von SL, 1808–1961 Britisches Reich
78%
Virale Krankheit, die 2013-16 beinahe 4'000 Menschen das Leben kostete Ebola
78%
Mit 54.3 Jahren hat SL weltweit die vierttiefste _________ Lebenserwartung
74%
Wichtigstes Grundnahrungsmittel Reis
68%
Die obige Bedeutung stammt aus dieser Sprache Spanisch
67%
Wichtigstes Exportgut Diamanten
55%
Bedeutung von "Sierra Leone" Löwen{berge}
50%
Film über den Handel mit dem obigen Gut, mit Leonardo DiCaprio (2006) Blood Diamond
36%
Währung Leone
26%
Zweitgrößte Stadt (zwei Buchstaben) Bo
25%
Die Hauptstadt wurde teilweise als Ort für die schwarzen Leute gegründet, die die Loyalisten während diesem Krieg unterstützten Amerikanischer Unabhängigkeitskrieg
13%
Keine übereinstimmenden Quizze gefunden
Verteilung der Resultate
Anzahl Personen mit jedem Resultat
Perzentil nach korrekt beantworteten Fragen
Ihre Resultats-Entwicklung
Sie haben dieses Quiz noch nicht gespielt